| 000 | 00565 a2200193 4500 | ||
|---|---|---|---|
| 005 | 20240502161515.0 | ||
| 010 | _aB-758846 | ||
| 020 |
_a9971905892 _c0.00 |
||
| 035 | _aB-758846 | ||
| 037 | _bGift/Unesco | ||
| 082 | _a302.2 | ||
| 245 |
_aChildren in the News/ _bEdited by- Anura Goonasekera |
||
| 260 |
_aSouth Asia _bUNICEF _c2001 |
||
| 270 | _aSouth Asia | ||
| 300 |
_a492 p.; _c24cm. (pb) _bIndex |
||
| 700 |
_aGoonasekera, Anura _965518 |
||
| 942 |
_adpl _cEN _2ddc _h302.2 _mCHI |
||
| 999 |
_c202583 _d202583 |
||